000 00498nam a2200193Ia 4500
008 170705s9999 xx 000 0 und d
020 _a9780545273282
245 _aSt. Patrick's day from the black lagoon /
245 _cMike Thaler ; illustrated by Jared Lee.
260 _aNew York :
260 _bScholastic,
260 _c2011
300 _a61 pages :
300 _bcolor illustration ;
300 _c19cm.
440 _aBlack lagoon adventures ;
440 _v19
500 _a760
999 _c336257
_d336257